000 01265nam1a2200289 i 4500
001 RU\NLR\bibl\1279137
005 20241103091302.0
035 _a(NLR Aleph) 001264928
090 _a402603
_c402603
100 _a20081001g20079999u y0rusy50 ca
101 0 _arus
102 _aRU
105 _a||||z |||||
200 1 _aОбщая психология
_eучебно-методический комплекс по специальности 031300 "Социальная педагогика"
_e[в 2 ч.]
_fА.А. Данилков, Н.С. Данилкова
_gФедер. агентство по образованию, ГОУ ВПО "Новосиб. гос. пед. ун-т"
210 _aНовосибирск
_cПедуниверситет
_d2008
215 _d20
463 0 _10011243760
463 0 _10011242497
606 _aПсихология
_jУчебно-методические пособия
_9931820
_3RU\NLR\auth\6624683
686 _aЮ9я73
700 1 _aДанилков
_bА. А.
_gАндрей Анатольевич
_4070
701 1 _aДанилкова
_bН. С.
_gНаталия Сергеевна
_4070
801 0 _aRU
_bNLR
_c20081001
_gRCR
801 1 _aRU
_bNLR
_c20081001
852 _aNLR
_j2008-3/18582
942 _cBOOK